000 01244cab a22002175a 4500
001 L156790
008 120716e2012 xxk 000 0 eng d
035 _a(Sirsi) u156790
041 0 _aeng
245 0 0 _aFrozen Value Ltd v Heron Foods Ltd
_h[electronic resource]
260 _c2012
520 _a[2012] EWCA Civ 473, 24 April 2012. Concerns landlord H's opposition to tenant F's application for a new business tenancy under part 2 of the Landlord and Tenant Act 1954. H had been granted a new head lease by the freeholder K but opposed the subleaser F's application for tenancy as it intended to occupy the premises itself, invoking the statutory ground of opposition known as "ground (g)". F appealed against this opposition. "Held": appeal upheld. H could not oppose the application as it was not the "competent landlord" for the last 14 months of its headlease.
590 _aKA
650 2 4 _aFROZEN VALUE LTD V HERON FOODS LTD
650 2 4 _aLANDLORD AND TENANT ACT 1954 PART II
650 2 4 _aLANDLORD AND TENANT ACT 1954 S30(2)
651 4 _aEngland and Wales
_y1543-
690 _aLandlord and tenant
_96252
856 4 0 _uhttps://www.bailii.org/ew/cases/EWCA/Civ/2012/473.html
_zView the decision at www.bailii.org
942 _n0
999 _c84158
_d84158